00933 a2200145 4500003000500000005001700005040000900022082001400031100002000045245008600065260006300151300002600214505051500240650003200755Nust20221201103104.0 cNust a536.7,SPA aSpalding, D. B. aEngineering thermodynamics,b an introductory text / cD.B. Spalding, E.H. Cole. aLondon,b E. Arnold; New York, McGraw-Hillc, 1959 [c1958] a375 p. illus.b24 cm. aIntroductory Survey (Page-1), Mechnencial Units (Page-19), Work (Page-61), Temperature (Page-61), Heat (Page-69), The first Law of Thermodynamics (Page-76), The pure Substances (Page-93), The first Law of applied to steady-Flow Processes (Page-109), Properties of pure Substance (Page-142), The Second Law of thermodynamics (Page-169), Reversibility (Page-184), The Absolute Temperature Scale (Page-202), Entropy (Page-242), Ideas Gases (Page-275), Gases Mixtures (Page-314), Flues and Combustion (Page-357).  aEngineering thermodynamics,